000 00652nam a2200229Ia 4500
003 OSt
005 20220928123946.0
006 a|||||r|||| 00| 0
007 ta
008 220927b |||||||| |||| 00| 0 eng d
024 _a57145
037 _cTextual
040 _aSDCL
_cSDCL
_beng
041 _2eng
_aeng
082 _aY73(Q2).73'N8, M0
100 _aBlu Karen I
_9462627
245 0 _aLumbee problem
_bThe making of an American Indian people
260 _aCambridge
_bCambridge University Press
_c1980
300 _axv,276p
_ccm.
942 _hY73(Q2).73'N8, M0
_cTEXL
_2CC
999 _c775594
_d775594